Score 0/300 Timer 20:00
1 Play Today
Number Name % Correct
26Karl Eduard, Duke of Saxe-Coburg-Gotha
99.3%
1Edward, Prince of Wales
99.2%
3Prince Edward of York
99.1%
4Prince Albert of York
99%
109Duke Georg Alexander of Mecklenburg-Strelitz
98.7%
76Georg Wilhelm, Hereditary Prince of Hanover
98.5%
283Duke Georg Ludwig of Oldenburg
98%
67Princess Helena Victoria of Schleswig-Holstein
97.7%
110Count Georg of Carlow
97.7%
117Count Georg of Merenberg
97.7%
118Count Georg of Merenberg
97.7%
268Georg, Prince of Schaumburg-Lippe
97.7%
2Prince George, Duke of York
97.6%
45Prince George of Greece
97.5%
55Prince George of Battenberg
97.5%
84Prince George, 2nd Duke of Cambridge
97.5%
91Prince George of Teck
97.5%
153Augusta Victoria, German Empress
97.5%
199Prince Victor of Wied
97.5%
74Princess Victoria Eugenie of Battenberg
97.4%
28Victoria, Empress Frederick
97.3%
96Princess Mary of Teck, Duchess of York
97.3%
6Princess Mary of York
97.2%
10Princess Victoria of Wales
97.2%
16Victoria Melita, Grand Duchess of Hesse and by Rhine
97.2%
54Princess Victoria of Hesse and by Rhine, Princess Louis of Battenberg
97.2%
92Princess Mary of Teck
97.2%
56Prince Louise of Battenberg
97%
68Princess Marie Louise of Schleswig-Holstein
96.7%
79Marie Louise, Princess Maximilian of Baden
96.7%
191Princess Marie Louise of Schaumburg-Lippe
96.7%
33Prince August Wilhelm of Prussia
96.3%
157Princess Alexandra Viktoria of Schleswig-Holstein-Sonderburg-Glücksburg
96.2%
5Prince Henry of York
96.2%
49Prince Friedrich Wilhelm of Hesse
96%
61Empress Alexandra Feodorovna of Russia
96%
102Prince Albrecht Wilhelm of Saxe-Weimar-Eisenach
96%
197Wilhelm Friedrich, Hereditary Prince of Wied
96%
205Prince Friedrich Wilhelm of Prussia
96%
107Wilhelm Ernst, Hereditary Grand Duke of Saxe-Weimar-Eisenach
95.9%
46Prince Alexander of Greece
95.8%
71Prince Alexander of Battenbrg
95.8%
95Prince Alexander of Teck
95.8%
215Duke Alexander Petrovich of Oldenburg
95.8%
230Prince Alexander of Leuchtenberg
95.8%
291Prince Alexander Nikolaevich Iskander
95.8%
222Prince Alexander Georgievich Yourievsky
95.6%
116Prince Nikolaus Wilhelm of Nassau
95.6%
7Princess Louise, Duchess of Fife
95.5%
66Prince Albert of Schleswig-Holstein
95.4%
202Prince Albert of Prussia
95.4%
234Prince Albert of Saxe-Altenburg
95.4%
8Lady Alexandra Duff
95.3%
18Alexandra, Hereditary Princess of Hohenlohe-Langenburg
95.3%
29Wilhelm II, German Emperor
95.3%
30Wilhelm, German Crown Prince
95.3%
58Princess Louise of Battenberg
95.3%
69Princess Louise, Duchess of Argyll
95.3%
80Princess Alexandra of Hanover
95.3%
97King Wilhelm II of Württemberg
95.3%
100Prince Wilhelm of Saxe-Weimar-Eisenach
95.3%
141Prince Wilhelm of Sweden, Duke of Södermanland
95.3%
173Countess Louise of Noer
95.3%
182Louise, Crown Princess of Denmark
95.3%
189Princess Louise of Denmark, Princess Friedrich of Schaumburg-Lippe
95.3%
198Prince Wilhelm of Wied
95.3%
200Princess Louise of Wied
95.3%
221Countess Alexandra Konstantinovna of Zarnekau
95.3%
232Prince Wilhelm V of Wied
95.3%
276Count Wilhelm of Hagenburg
95.3%
288Grand Duchess Alexandra Iosifovna of Russia
95.3%
176Princess Marie Alexandrine of Saxe-Weimar-Eisenach
95%
207Princess Marie Elisabeth of Saxe-Meiningen
95%
20Princess Marie Melita of Hohenlohe-Langenburg
94.7%
158Princess Helena Adelheid of Schleswig-Holstein-Sonderburg-Glücksburg
94.7%
12Marie, Crown Princess of Romania
94.7%
83Princess Marie of Hanover
94.7%
112Countess Maria of Carlow
94.7%
164Prince Friedrich Leopold of Prussia
94.7%
165Prince Friedrich Leopold of Prussia
94.7%
196Marie, Princess of Wied
94.7%
231Marie, Dowager Princess of Wied
94.7%
243Marie, Princess of Schwarzburg-Sonderhausen
94.7%
250Princess Marie Reuss of Greiz
94.7%
282Duchess Sophie Charlotte of Oldenburg
94.7%
286Queen Marie of Hanover
94.7%
15Princess Maria of Romania
94.4%
64Grand Duchess Maria Nikolaevna of Russia
94.4%
146Countess Maria Bernadotte af Wisborg
94.4%
236Princess Maria of Saxe-Altenburg
94.4%
75Ernst August, Crown Prince of Hanover
94.3%
78Prince Ernst August of Hanover
94.3%
59Grand Duchess Elizabeth Feodorovna of Russia
94.2%
280Grand Duke Friedrich August II of Oldenburg
93.9%
163Prince Friedrich Karl of Prussia
93.6%
170Karl Friedrich von Esmarch
93.6%
127Prince Viktor Adolf of Bentheim-Steinfurt
93.3%
22Prince Arthur, Duke of Connaught and Strathearn
92.7%
23Prince Arthur of Connaught
92.7%
9Lady Maud Duff
92.7%
Number Name % Correct
11Maud, Princess Carl of Denmark
92.7%
203Prince Friedrich Heinrich of Prussia
92.2%
24Princess Margaret of Connaught
92.1%
48Princess Margaret of Prussia, Hereditary Landgravine of Hesse
92.1%
161Princess Luise Sophie of Schleswig-Holstein
92.1%
53Ernst Ludwig, Grand Duke of Hesse and by Rhine
92%
162Prince Friedrich Sigismund of Prussia
91.9%
36Princess Viktoria Luise of Prussia
91.8%
156Princess Viktoria Adelheid of Schleswig-Holstein-Sonderburg-Glücksburg
91.8%
21Princess Beatrice of Saxe-Coburg and Gotha
91.6%
70Beatrice, Princess Henry of Battenberg
91.6%
65Helena, Princess Christian of Schleswig-Holstein
91.4%
93Princess Helena of Teck
91.4%
124Princess Helena of Waldeck and Pyrmont
91.4%
136Princess Helena of Waldeck and Pyrmont, Dowager Duchess of Albany
91.4%
86Adolf Friedrich, Hereditary Grand Duke of Mecklenburg-Strelitz
91.3%
88Adolf Friedrich, Hereditary Prince of Mecklenburg-Strelitz
91.3%
31Prince Eitel Friedrich of Prussia
91.2%
13Prince Carol of Romania
91.1%
27Princess Alice of Albany
91%
57Princess Alice of Battenberg
91%
114Duke Carl Michael of Mecklenburg-Strelitz
91%
275Prince Otto Heinrich of Schaumburg-Lippe
90.7%
44Sophia, Crown Princess of Greece
90.7%
72Prince Leopold of Battenberg
90.7%
138Queen Sophia of Sweden
90.7%
186Prince Carl of Denmark
90.5%
181Princess Elisabeth Sybille of Saxe-Weimar-Eisenach
90.3%
41Charlotte, Hereditary Princess of Saxe-Meiningen
90.2%
209Duchess Charlotte of Mecklenburg-Schwerin
90.2%
14Princess Elisabeth of Romania
90.2%
17Princess Elisabeth of Hesse and by Rhine
90.2%
131Princess Elisabeth of Bentheim-Steinfurt
90.2%
137Princess Elisabeth of Waldeck and Pyrmont, Countess Alexander of Erbach-Schönberg
90.2%
201Princess Elisabeth of Wied
90.2%
233Queen Elisabeth of Romania
90.2%
245Princess Elisabeth Reuss of Köstritz
90.2%
257Princess Elisabeth of Schönburg-Waldenburg
90.2%
43Princess Viktoria of Prussia, Princess Adolf of Schaumburg-Lippe
90%
132Princess Viktoria of Bentheim-Steinfurt
90%
180Princess Sophie Renate Reuss of Köstritz
89.3%
62Grand Duchess Olga Nikolaevna of Russia
89.1%
81Princess Olga of Hanover
89.1%
103Princess Sophie of Saxe-Weimar-Eisenach
89.1%
108Princess Olga of Saxe-Weimar-Eisenach
89.1%
119Countess Olga of Merenberg
89.1%
144Count Carl Bernadotte af Wisborg
89.1%
149Prince Carl of Sweden, Duke of Västergötland
89.1%
235Princess Olga of Saxe-Altenburg
89.1%
300Queen Olga of Greece
89.1%
204Prince Joachim Albrecht of Prussia
89%
89Duke Karl Borwin of Mecklenburg-Strelitz
88.6%
37Prince Heinrich of Prussia
88.5%
40Prince Heinrich of Prussia
88.5%
128Prince Karl of Bentheim-Steinfurt
88.5%
175Prince Karl Vlangali-Handjeri
88.5%
177Prince Heinrich XXXII Reuss of Köstritz
88.5%
178Prince Heinrich XXXIII Reuss of Köstritz
88.5%
179Prince Heinrich XXXV Reuss of Köstritz
88.5%
210Prince Heinrich XXXVII Reuss, Jüngere Linie
88.5%
211Prince Heinrich XXXVIII Reuss, Jüngere Linie
88.5%
212Prince Heinrich XLII Reuss, Jüngere Linie
88.5%
237Heinrich XXIV, Prince Reuss of Köstritz
88.5%
238Prince Heinrich XXXIX Reuss of Köstritz
88.5%
239Prince Heinrich XLI Reuss of Köstritz
88.5%
247Heinrich XXII, Prince Reuss of Greiz
88.5%
248Prince Heinrich XXIX, Reuss of Greiz
88.5%
254Prince Heinrich of Schönburg-Waldenburg
88.5%
262Prince Heinrich of Stolberg-Stolberg
88.5%
273Prince Heinrich of Schaumburg-Lippe
88.5%
121Friedrich, Prince of Waldeck and Pyrmont
88%
130Prince Friedrich of Bentheim-Steinfurt
88%
155Prince Friedrich of Schleswig-Holstein-Sonderburg-Glücksburg
88%
172Count Friedrich of Rantzau
88%
140Prince Gustaf Adolf of Sweden, Duke of Skåne
87.8%
152Ernst Günther, Duke of Schleswig-Holstein
87.7%
105Prince Ernst of Saxe-Weimar-Eisenach
87.6%
284Count Paul Julius of Hügel
87.4%
77Prince Christian of Hanover
87.3%
167Prince Christian of Schleswig-Holstein
87.3%
183Prince Christian of Denmark
87.3%
190Prince Christian of Schaumburg-Lippe
87.3%
63Grand Duchess Tatiana Nikolaevna of Russia
86.2%
298Princess Tatiana Konstantinovna of Russia
86.2%
258Baron Peter of Washington
85%
85Augusta, Grand Duchess of Mecklenburg-Strelitz
84.8%
166Princess Feodora Adelheid of Schleswig-Holstein
84.6%
25Princess Patricia of Connaught
83.6%
216Duke Peter Alexandrovich of Oldenburg
83.4%
220Count Peter Konstantinovich of Zarnekau
83.4%
226Grand Duke Peter Nikolaevich of Russia
83.4%
217Duke Konstantin Petrovich of Oldenburg
83.3%
60Princess Irene of Hesse and by Rhine, Princess Heinrich of Prussia
83%
184Prince Frederik of Denmark
82.9%
35Prince Joachim of Prussia
82.5%
168Princess Caroline of Schleswig-Holstein
82.1%
42Princess Feodora of Saxe-Meiningen
81.3%
213Adolphe, Grand Duke of Luxembourg
80.8%
139Gustaf, Crown Prince of Sweden
80.7%
269Adolf, Hereditary Prince of Schaumburg-Lippe
80.4%
Number Name % Correct
278Prince Adolf of Schaumburg-Lippe
80.4%
39Prince Sigismund of Prussia
79.9%
135Queen Wilhelmina of the Netherlands
79.9%
34Prince Oskar of Prussia
79.8%
188Prince Gustav of Denmark
79.8%
51Prince Philipp of Hesse
79.7%
38Prince Waldemar of Prussia
77.5%
47Princess Elena of Greece
77.2%
263Prince Albrecht of Stolberg-Stolberg
76.7%
32Prince Adalbert of Prussia
76.5%
115Helene, Princess Albert of Saxe-Altenburg
76.1%
143Prince Oscar Bernadotte
75.9%
292Grand Duke Konstantin Konstantinovich of Russia
75.6%
295Prince Konstantin Konstantinovich of Russia
75.6%
123Prince Max of Waldeck and Pyrmont
75.6%
120Countess Alexandrine of Merenberg
74.8%
208Princess Alexandrine of Prussia, Duchess Wilhelm of Mecklenburg-Schwerin
74.8%
154Karoline Mathilde, Duchess of Schleswig-Holstein-Sonderburg-Glücksburg
74.5%
160Princess Karoline Mathilde of Schleswig-Holstein-Sonderburg-Glücksburg
74.5%
174Karoline Matilde Vlangali-Handjeri
74.5%
218Count Nikolai Konstantinovich of Zarnekau
74.5%
225Grand Duke Nikolai Nikolaevich of Russia
74.5%
289Grand Duke Nikolai Konstantinovich of Russia
74.5%
90Prince Adolphus of Teck
74.3%
19Prince Gottfried of Hohenlohe-Langenburg
73.6%
50Prince Maximilian of Hesse
73.6%
133Princess Emma of Bentheim-Steinfurt
73.3%
134Emma, Queen Dowager of the Netherlands
73.3%
249Princess Emma Reuss of Greiz
73.3%
251Princess Karoline Reuss of Greiz
73.1%
73Prince Maurice of Battenberg
73%
111Countess Catherine of Carlow
71.1%
223Countess Catherine Konstantinovna of Zarnekau
71.1%
98Pauline, Princess Wilhelm Friedrich of Wied
71.1%
106Pauline, Dowager Hereditary Grand Duchess of Saxe-Weimar-Eisenach
71.1%
125Pauline, Princess of Bentheim-Steinfurt
71.1%
159Princess Adelheid of Schleswig-Holstein-Sonderburg-Glücksburg
70.4%
52Prince Wolfgang of Hesse
69.4%
150Princess Margaretha of Sweden
69.4%
260Wolfgang, Hereditary Prince of Stolberg-Stolberg
69.4%
82Princess Friederike of Hanover
68.8%
94Prince Francis of Teck
68.6%
187Prince Harald of Denmark
67.7%
256Princess Margarita of Schönburg-Waldenburg, Princess Heinrich of Schoenaich-Carolath
66.4%
151Prince Eugen of Sweden, Duke of Närke
66.2%
195Princess Dagmar of Denmark
65%
228Princess Marina Petrovna of Russia
64.7%
219Count Alexei Konstantinovich of Zarnekau
63.6%
193Princess Ingeborg of Denmark, Duchess of Västergötland
63.2%
194Princess Thyra of Denmark
62.8%
129Prince Alexis of Bentheim-Steinfurt
62.4%
281Nikolaus, Hereditary Grand Duke of Oldenburg
60.9%
169Princess Henriette of Schleswig-Holstein
60.6%
104Prince Bernhard of Saxe-Weimar-Eisenach
58.5%
206Bernhard, Hereditary Duke of Saxe-Meiningen
58.5%
99Prince Hermann of Wied
58%
101Prince Hermann of Saxe-Weimar-Eisenach
58%
274Prince Hermann of Schaumburg-Lippe
58%
272Prince Stephan of Schaumburg-Lippe
55.3%
252Princess Hermine Reuss of Greiz
54.3%
255Princess Hermine von Schönburg-Waldenburg
54.3%
267Hermine, Dowager Princess of Schaumburg-Lippe
54.3%
277Countess Hermine of Hagenburg
54.3%
279Princess Hermine of Schaumburg-Lippe, Duchess Maximilian of Württemberg
54.3%
87Jutta, Crown Princess of Montenegro
54.2%
293Prince Ivan Konstantinovich of Russia
53.4%
142Prince Erik of Sweden, Duke of Västmanland
53%
185Prince Knud of Denmark
52.6%
192Princess Stephanie of Schaumburg-Lippe
52.5%
113Countess Natalia of Carlow
52%
299Grand Duke Dmitry Konstantinovich of Russia
52%
246Princess Amélie of Fürstenberg
51.1%
148Countess Elsa Bernadotte af Wisborg
49.7%
122Josias, Hereditary Prince of Waldeck and Pyrmont
49.5%
287Princess Therese of Saxe-Altenburg
48.8%
294Prince Gabriel Konstantinovich of Russia
48%
147Countess Ebba Bernadotte af Wisborg
47.4%
270Prince Moritz of Schaumburg-Lippe
46.9%
297Prince Igor Konstantinovich of Russia
46.7%
296Prince Oleg Konstantinovich of Russia
45.9%
253Princess Ida Reuss of Greiz
44.2%
265Princess Erika of Stolberg-Stolberg
43.4%
214Princess Hilda of Nassau, Hereditary Grand Duchess of Baden
42.9%
241Princess Sibylle Reuss of Köstritz
42.6%
145Count Folke Bernadotte af Wisborg
42.1%
244Princess Eleonore Reuss of Köstritz
41.7%
224Countess Nina of Zarnekau
41.5%
227Prince Roman Petrovich of Russia
41.2%
171Countess Carmelita of Noer
41.2%
229Princess Nadejda Petrovna of Russia
38.6%
264Prince Volkwin of Stolberg-Stolberg
38.1%
126Prince Eberwyn of Bentheim-Steinfurt
37.7%
259Prince Wolrad of Waldeck and Pyrmont
37.2%
271Prince Wolrad of Schaumburg-Lippe
37.2%
290Prince Artemi Nikolaevich Iskander
36.9%
240Princess Regina Reuss of Köstritz
36.9%
261Prince Vollrath of Stolberg-Stolberg
35.8%
242Princess Viola Reuss of Köstritz
33.2%
285Countess Huberta of Hügel
33.2%
266Erasmus, Hereditary Count of Erbach-Erbach
31.3%
Remove Ads.
Support Sporcle.
Get the best of Sporcle when you Go Orange. This ad-free experience offers more features, more stats, and more fun while also helping to support Sporcle. Thank you for becoming a member.

You're not logged in!

Compare scores with friends on all Sporcle quizzes.
OR
Log In

Show Comments

Extras

Top Quizzes Today


Score Distribution

Your Account Isn't Verified!

In order to create a playlist on Sporcle, you need to verify the email address you used during registration. Go to your Sporcle Settings to finish the process.

Report this User

Report this user for behavior that violates our Community Guidelines.

Details: